书目信息 |
| 题名: |
名师论建筑史
|
|
| 作者: | 王明贤 主编 | |
| 分册: | ||
| 出版信息: | 北京 中国建筑工业出版社 2009.11 |
|
| 页数: | 264页 | |
| 开本: | 24cm | |
| 丛书名: | ||
| 单 册: | ||
| 中图分类: | TU-092 | |
| 科图分类: | ||
| 主题词: | 建筑史--jian zhu shi--中国 | |
| 电子资源: | ||
| ISBN: | 978-7-112-10839-8 | |
| 000 | 00831nam0 2200217 450 | |
| 001 | 012001000444 | |
| 005 | 20240510153120.63 | |
| 010 | @a978-7-112-10839-8@dCNY49.00 | |
| 100 | @a20100515d2009 km y0chiy0121 eb | |
| 101 | 0 | @achi |
| 102 | @aCN@b110000 | |
| 105 | @aa z 000yy | |
| 200 | 1 | @a名师论建筑史@Aming shi lun jian zhu shi@f王明贤主编 |
| 210 | @a北京@c中国建筑工业出版社@d2009.11 | |
| 215 | @a264页@c图@d24cm | |
| 330 | @a本书介绍了当代学者关于中国建筑史研究的部分重要成果,内容涵盖中国古代建筑概述及断代史解读、建筑考古学、中国园林意境构成、乡土建筑保护和建筑史治学问题等,既勾画出中国建筑史的基本轮廓,又探讨了建筑史研究独特的方法论。 | |
| 606 | 0 | @a建筑史@Ajian zhu shi@y中国 |
| 690 | @aTU-092@v4 | |
| 701 | 0 | @a王明贤@Awang ming xian@4主编 |
| 801 | 0 | @aCN@b河南城建学院图书馆@c20100515 |
| 905 | @dTU-092@eW280@f3 | |
| 名师论建筑史/王明贤主编.-北京:中国建筑工业出版社,2009.11 |
| 264页:图;24cm |
| ISBN 978-7-112-10839-8:CNY49.00 |
| 本书介绍了当代学者关于中国建筑史研究的部分重要成果,内容涵盖中国古代建筑概述及断代史解读、建筑考古学、中国园林意境构成、乡土建筑保护和建筑史治学问题等,既勾画出中国建筑史的基本轮廓,又探讨了建筑史研究独特的方法论。 |
| ● |
| 相关链接 |
|
|
|
正题名:名师论建筑史
索取号:TU-092/W280
 
预约/预借
| 序号 | 登录号 | 条形码 | 馆藏地/架位号 | 状态 | 备注 |
| 1 | 1307642 | 213076428 | 建筑库101/101建筑库 5排4列1层/ [索取号:TU-092/W280] | 在馆 | |
| 2 | 1307643 | 213076437 | 建筑库101/101建筑库 5排4列1层/ [索取号:TU-092/W280] | 在馆 | |
| 3 | 1307644 | 213076446 | 建筑库101/101建筑库 5排4列1层/ [索取号:TU-092/W280] | 在馆 | |
| 4 | 1307645 | 213076455 | 建筑库101/101建筑库 5排4列1层/ [索取号:TU-092/W280] | 在馆 | |
| 5 | 1307646 | 213076464 | 建筑库101/101建筑库 5排4列1层/ [索取号:TU-092/W280] | 在馆 | |
| 6 | 1307647 | 213076473 | 建筑库101/101建筑库 5排4列1层/ [索取号:TU-092/W280] | 在馆 | |
| 7 | 1550569 | 215505692 | 建筑库101/101建筑库 5排3列4层/ [索取号:TU-092/W280] | 在馆 | |
| 8 | 1550570 | 215505709 | 建筑库101/101建筑库 5排4列1层/ [索取号:TU-092/W280] | 在馆 | |
| 9 | 1550571 | 215505718 | 建筑库101/101建筑库 5排4列2层/ [索取号:TU-092/W280] | 在馆 | |
| 10 | 1550572 | 215505727 | 建筑库101/101建筑库 5排4列1层/ [索取号:TU-092/W280] | 在馆 | |
| 11 | 1550573 | 215505736 | 建筑库101/101建筑库 5排4列1层/ [索取号:TU-092/W280] | 在馆 | |
| 12 | 1552264 | 215522646 | 建筑库101/101建筑库 5排4列2层/ [索取号:TU-092/W280] | 在馆 | |
| 13 | 1552265 | 215522655 | 建筑库101/101建筑库 5排4列2层/ [索取号:TU-092/W280] | 在馆 | |
| 14 | 1552266 | 215522664 | 建筑库101/101建筑库 5排4列2层/ [索取号:TU-092/W280] | 在馆 | |
| 15 | 1552267 | 215522673 | 建筑库101/101建筑库 5排4列2层/ [索取号:TU-092/W280] | 在馆 | |
| 16 | 1552268 | 215522682 | 建筑库101/101建筑库 5排4列2层/ [索取号:TU-092/W280] | 在馆 | |
| 17 | 1552330 | 215523306 | 建筑库101/101建筑库 5排4列2层/ [索取号:TU-092/W280] | 在馆 | |
| 18 | 1552346 | 215523468 | 建筑库101/101建筑库 5排4列2层/ [索取号:TU-092/W280] | 在馆 | |
| 19 | 899382 | 208993829 | 建筑库101/101建筑库 5排4列2层/ [索取号:TU-092/W280] | 在馆 | |
| 20 | 899383 | 208993838 | 建筑库101/101建筑库 5排4列2层/ [索取号:TU-092/W280] | 在馆 | |
| 21 | 899384 | 208993847 | 建筑库101/101建筑库 5排4列2层/ [索取号:TU-092/W280] | 在馆 |